000 00579nam a22001817a 4500
005 20170817110822.0
010 _aENG-119852
020 _a9788184655056
_c225.00
035 _aEN-103384
037 _bDBAD/PUB
082 _a250
100 _aGodwin Shiri
245 _aChristian Dalit women under unabated gender and case oppression :
_ba Souih Indian case study /
_cby Godwin Shiri
260 _aKolkata
_bISPCK
_c2015
270 _a1584,1654,Madarsa Road,Kahmere Gate
_bDelhi
_e110006
300 _axxvi,145p
_c21cm.(pbk)
942 _2ddc
_cEN
_h250
_mGOD
999 _c143448
_d143448